| 000 | 00476nam a22001697a 4500 | ||
|---|---|---|---|
| 999 |
_c526313 _d526313 |
||
| 003 | NUST | ||
| 038 | _aMr. Zahoor | ||
| 082 | _a621.39 | ||
| 100 |
_aRiaz, Irfan _917293 |
||
| 245 |
_aSpectrum Sensing & Availability of White Spaces / _cIrfan Riaz |
||
| 260 |
_aIslamabad : _bCEME - NUST, _c2014. |
||
| 300 |
_a56 p. : ill. ; _c30cm. |
||
| 500 | _aHardcover. | ||
| 650 |
_aComputer Engineering - MS Thesis _916083 |
||
| 700 |
_aDr. Shoab Ahmed Khan _916053 |
||
| 942 |
_2ddc _cTHE |
||